000 00647cam a2200205 a 4500
001 2355264
005 20180220073337.0
008 830615s1982 miua b 000 0 eng
010 _a 83127991
040 _aDLC
_cDLC
_dDLC
041 _aeng
080 _a362.712 MID
082 0 0 _a362.712 MID
_219
100 _a50
101 _aSOC
245 0 0 _aBlueprints--building educational programs for people who care for children /
_cSusan Middleton, editor ; David Allen, Laurel Goulding, Susan Middleton, contributing authors.
504 _aBibliography: p. 180-194.
906 _a7
_bcbc
_corignew
_d2
_encip
_f19
_gy-gencatlg
942 _2ddc
_cBK
999 _c42920
_d42920